Mosby's Diagnostic & Laboratory Test Reference (Record no. 8160)
[ view plain ]
| 000 -LEADER | |
|---|---|
| fixed length control field | 00614nam a22002057a 4500 |
| 003 - CONTROL NUMBER IDENTIFIER | |
| control field | OSt |
| 005 - DATE AND TIME OF LATEST TRANSACTION | |
| control field | 20230928113837.0 |
| 008 - FIXED-LENGTH DATA ELEMENTS--GENERAL INFORMATION | |
| fixed length control field | 230928b |||||||| |||| 00| 0 eng d |
| 020 ## - INTERNATIONAL STANDARD BOOK NUMBER | |
| International Standard Book Number | 9780323675192 |
| 040 ## - CATALOGING SOURCE | |
| Transcribing agency | DNLM |
| 082 ## - DEWEY DECIMAL CLASSIFICATION NUMBER | |
| Classification number | QY25 P141m 2021 |
| 100 ## - MAIN ENTRY--PERSONAL NAME | |
| Personal name | Deska, Pagana Kathleen; Pagana, Timothy J.; Pagana, Theresa Noel |
| 9 (RLIN) | 16659 |
| 245 ## - TITLE STATEMENT | |
| Title | Mosby's Diagnostic & Laboratory Test Reference |
| 250 ## - EDITION STATEMENT | |
| Edition statement | 15th ed. |
| 260 ## - PUBLICATION, DISTRIBUTION, ETC. (IMPRINT) | |
| Place of publication, distribution, etc. | Missouri; Elservier, 2021 |
| 300 ## - PHYSICAL DESCRIPTION | |
| Extent | xxiv,1063p; |
| Other physical details | Col.ill: |
| Dimensions | 19.5cm |
| 500 ## - GENERAL NOTE | |
| General note | Appendices, & index included |
| 650 ## - SUBJECT ADDED ENTRY--TOPICAL TERM | |
| Topical term or geographic name as entry element | Laboratory diagnosis |
| 9 (RLIN) | 2306 |
| 942 ## - ADDED ENTRY ELEMENTS (KOHA) | |
| Source of classification or shelving scheme | Other/Generic Classification Scheme |
| Koha item type | Open Shelf |
| Withdrawn status | Lost status | Source of classification or shelving scheme | Damaged status | Not for loan | Home library | Current library | Date acquired | Source of acquisition | Inventory number | Total Checkouts | Full call number | Barcode | Date last seen | Koha item type |
|---|---|---|---|---|---|---|---|---|---|---|---|---|---|---|
| Other/Generic Classification Scheme | MUST Main Library | MUST Main Library | 28/09/2023 | Purchase | 23/42133 | QY25 P141m 2021 | 2023-0524 | 28/09/2023 | Open Shelf | |||||
| Other/Generic Classification Scheme | MUST Main Library | MUST Main Library | 28/09/2023 | Purchase | 23/42134 | QY25 P141m 2021 | 2023-0525 | 28/09/2023 | Open Shelf |
